000 00439cam a2200193 4500
001 D9895
008 090401t1945 xxu||||| |||| 00| 0 eng d
035 _a(Sirsi) u23177
041 _aeng
050 _a692.5
100 _aWillis, Arthur J
245 _aElements of quantity surveying
250 _a3rd
260 _aLondon
_bCrosby Lockwood
_c1945
300 _axi. 272p. 24cm
350 _a0
942 _n0
948 _c04/03/1997
999 _c88341
_d88341